Kỹ thuật khai thác cá nghề lưới rê

Nội dung sách gồm: phân loại và cấu tạo lưới rê; lý thuyết và tính toán; kỹ thuật khai thác

Bewaard in:
Bibliografische gegevens
Hoofdauteur: Hoàng, Hoa Hồng
Formaat: Boek
Taal:Undetermined
Gepubliceerd in: Thành Phố Hồ Chí Minh Nông nghiiệp 2004
Onderwerpen:
Tags: Voeg label toe
Geen labels, Wees de eerste die dit record labelt!
Thư viện lưu trữ: Trung tâm Học liệu Trường Đại học Cần Thơ
LEADER 00843nam a2200241Ia 4500
001 CTU_229963
008 210402s9999 xx 000 0 und d
082 |a 639.2 
082 |b H455 
088 |a 60620305 
100 |a Hoàng, Hoa Hồng 
245 0 |a Kỹ thuật khai thác cá nghề lưới rê 
245 0 |c Hoàng Hoa Hồng 
260 |a Thành Phố Hồ Chí Minh 
260 |b Nông nghiiệp 
260 |c 2004 
520 |a Nội dung sách gồm: phân loại và cấu tạo lưới rê; lý thuyết và tính toán; kỹ thuật khai thác 
526 |a Khai thác thủy sản 
526 |b TS643 
650 |a Nghề cá,Fisheries 
904 |i Hà Phương Trung, Tuyến 
910 |a Tuyến 
980 |a Trung tâm Học liệu Trường Đại học Cần Thơ